00523nam a22001577a 450000500170000001000150001702000270003203500140005903700130007308200170008624500880010326000410019127000960023230000210032870000160034920220623102904.0 aENG-133331 a9789385000041c1050.00 aEN-116863 bDBAD/PUB a307.12109542 aVision For Varanasi:bApproach to City Management/cEdited by Aman Gupta [et.al...] aNew DelhibBharti Publicationsc2015 a4810/24, 3rd Floor, Ansari Road, Darya GanjbNew Delhie110002mbhartpublications@gmail.com a312p.c25cm(hbk) aGupta, Aman